| 000 | 01299nam a2200301Ia 4500 | ||
|---|---|---|---|
| 001 | ebr10269165 | ||
| 003 | CaPaEBR | ||
| 006 | m u | ||
| 007 | cr cn||||||||| | ||
| 008 | 990721s2001 enkab sb 001 0 eng d | ||
| 010 | _z 99041825 | ||
| 020 | _z9780195128185 | ||
| 020 | _z0195128184 | ||
| 040 |
_aCaPaEBR _cCaPaEBR |
||
| 035 | _a(OCoLC)352887343 | ||
| 050 | 1 | 4 |
_aTN704.U52 _bC664 2001eb |
| 100 | 1 |
_aGordon, Robert B. _q(Robert Boyd), _d1929- |
|
| 245 | 1 | 2 |
_aA landscape transformed _h[electronic resource] : _bthe ironmaking district of Salisbury, Connecticut / _cRobert B. Gordon. |
| 260 |
_aOxford [England] ; _aNew York : _bOxford University Press, _c2001. |
||
| 300 |
_ax, 159 p. : _bill., maps. |
||
| 504 | _aIncludes bibliographical references (p. 147-152) and index. | ||
| 533 |
_aElectronic reproduction. _bPalo Alto, Calif. : _cebrary, _d2009. _nAvailable via World Wide Web. _nAccess may be limited to ebrary affiliated libraries. |
||
| 650 | 0 |
_aIron-works _zConnecticut _zSalisbury Region _xHistory. |
|
| 650 | 0 |
_aIndustrial ecology _zConnecticut _zSalisbury Region. |
|
| 655 | 7 |
_aElectronic books. _2local |
|
| 710 | 2 | _aebrary, Inc. | |
| 856 | 4 | 0 |
_uhttp://site.ebrary.com/lib/rucke/Doc?id=10269165 _zAn electronic book accessible through the World Wide Web; click to view |
| 999 |
_c23755 _d23755 |
||